| 000 | 00575nam a2200169Ia 4500 | ||
|---|---|---|---|
| 008 | 110201s9999 xx 000 0 und d | ||
| 082 |
_bB5837 _aBAL 1544 |
||
| 100 | _aदळवी चक्रधर | ||
| 245 | _aकबड्डी आणि खो खो | ||
| 260 | _bसाहित्यसेवा प्रकाशन | ||
| 365 | _b25 | ||
| 600 | _aदळवी चक्रधर | ||
| 630 | _aकबड्डी आणि खो खो | ||
| 700 | _aदळवी चक्रधर | ||
| 730 | _aकबड्डी आणि खो खो | ||
| 942 | _cBOOK | ||
| 999 |
_c831592 _d831589 |
||